000 00556nam a2200181Ia 4500
005 20250508153335.0
008 008 250505s9999 xx 000 0 eng d
037 _aReference
040 _aFEDL
_beng
_cFEDL
041 _aeng
_2eng
084 _a374.058, UNE
_qFEDL
245 0 _aInternational directory of adult education
245 0 _cUNESCO (Paris France)
260 _aParis, France
_bUnited Nations Educational, Scientific and Cultural Organization
300 _a324p
942 _cREF
_h374.058, UNE
999 _c1342142
_d1342142